00712nam a2200205 a 450000100100000000500170001000800410002702000150006804000250008308200130010810000290012124500870015026000480023730000210028550000220030670000350032804900090036395201170037299900170048900002585920200930024115.0110223s1983 xxu r 000 0 eng d a0316112232 aDO-SdBNPbengcBNPHU ann*bnn*1 aBrownin, Edgar K.95269910aMicoeconomic theory and appications /cEdgar K. Browning y Jacquelene M. Browning. aBoston :bLittle, Brown and Company,c1983. a583 p. ;c24 cm. aIncluye índice.1 aBrowning, Jacquelene M.952700 aBNGR 001054708MOaGRbGRcCTd2011-02-23iLF1l0onn* nn*p25859-10r2020-06-25w2020-06-25y4ZPréstamo en sala c25351d25351